000 00546cam a22002054a 4500
005 20250605164306.0
008 250528s ||||||||||||||||||||||||d
035 _a22259
020 _a9781910158289
040 _aGR-AtMCL
_bgre
_dGR-AtMCL
_eAACR2
245 1 _aENTREPRENEURSHIP IN HOSPITALITY AND TOURISM / A GLOBAL PERSPECTIVE
250 _a1
260 _bGoodfellas Publishing Ltd,
_c2015
300 _a212
700 1 _aAltinay Levent
_96949
700 1 _aBrookes Maureen
_98128
942 _cBK
999 _c7315
_d7315